| 000 | 00607cam a22002172a 4500 | ||
|---|---|---|---|
| 001 | 024507 | ||
| 003 | AR-FADEU | ||
| 008 | 311216n1991####xxu####################dd | ||
| 020 | _a950-602-246-1 | ||
| 092 |
_a306 _bG857 _eBDT |
||
| 100 | _aGrignon, Claude | ||
| 245 | _aLo culto y lo popular : miserabilismo y populismo en sociología y en literatura | ||
| 260 | _aBuenos Aires | ||
| 260 | _bNueva Visión | ||
| 260 | _c1991 | ||
| 300 | _a219 p. : il | ||
| 440 | _aCultura y sociedad | ||
| 700 | _aJean-Claude, Passeron | ||
| 650 | _aCULTURA POPULAR; SOCIOLOGIA Y LITERATURA/BDT/ | ||
| 942 | _cBDT | ||
| 999 |
_c30194 _d30194 |
||